00465 2200193 4500001002100000005001500021035002000036007000300056008004100059020001800100082001100118084001700129100003000146245001600176260004400192856001700236990000900253990000900262INLIS00000000000120920221025094239 a0010-1022000160ta221025 g 0 ind  a9786028225021 a623.82 a623.82 TIM k0 aTim bina sumber daya mipa1 aKapal motor aJakarta :bBina sumber daya mipa,c2008 aKoleksi Umum a2457 a2458